MARC

Tag First Indicator Second Indicator Subfields
LEADER 00000cam a2200000 i 4500
001 in00003534721
005 20151105195722.0
008 140929t20142014dcua b 000 0 eng
010 |a  2014952749 
020 |a 9780309305914 
020 |a 0309305918 
035 |a (OCoLC)ocn906798063 
040 |a DLC  |b eng  |e rda  |c DLC  |d UtOrBLW 
049 |a TXAM 
050 0 0 |a TK7868.P7  |b F56 2014 
245 0 4 |a The Flexible Electronics Opportunity /  |c Committee on Best Practice in National Innovation Programs for Flexible Electronics ; Board on Science, Technology, and Economic Policy ; Policy and Global Affairs ; National Research Council of the National Academies ; Donald Siegel, Committee Chair, Sujai Shivakumar, editor. 
264 1 |a Washington, D.C. :  |b National Academy Press,  |c [2014] 
264 4 |c ©2014 
300 |a xiv, 313 pages :  |b illustrations ;  |c 23 cm. 
336 |a text  |b txt  |2 rdacontent 
337 |a unmediated  |b n  |2 rdamedia 
338 |a volume  |b nc  |2 rdacarrier 
490 1 |a 21st Century Manufacturing 
504 |a Includes bibliographical references (pages 283-313). 
650 0 |a Flexible printed circuits. 
650 0 |a Manufacturing processes  |x Costs. 
650 0 |a Electronic industries  |z United States. 
700 1 |a Siegel, Donald S.,  |d 1959- 
700 1 |a Shivakumar, Sujai. 
710 2 |a National Research Council (U.S.).  |b Committee on Best Practice in National Innovation Programs for Flexible Electronics. 
710 2 |a National Research Council (U.S.).  |b Board on Science, Technology, and Economic Policy. 
710 2 |a National Research Council (U.S.).  |b Policy and Global Affairs. 
830 0 |a 21st century manufacturing. 
945 |a PromptCat  |b 186039 
946 |a stk 
947 |a A14842977721 
948 |a cataloged  |b h  |c 2015/5/20  |d c  |e dmitchel  |f 12:20:10 pm 
994 |a 92  |b TXA 
999 |a MARS 
999 f f |s 97c10a0e-d8bd-3c8b-bff3-19407e257471  |i 75d85a75-7623-3d41-92b4-8e25b6739820  |t 0 
952 f f |p normal  |a Texas A&M University  |b College Station  |c Sterling C. Evans Library  |d Evans: Library Stacks  |t 0  |e TK7868.P7 F56 2014  |h Library of Congress classification  |i unmediated -- volume  |m A14842977721 
998 f f |a TK7868.P7 F56 2014  |t 0  |l Evans: Library Stacks